<?xml version="1.0" encoding="UTF-8"?>
<record
    xmlns:xsi="http://www.w3.org/2001/XMLSchema-instance"
    xsi:schemaLocation="http://www.loc.gov/MARC21/slim http://www.loc.gov/standards/marcxml/schema/MARC21slim.xsd"
    xmlns="http://www.loc.gov/MARC21/slim">

  <leader>01209nam a2200373 i 4500</leader>
  <controlfield tag="001">24512</controlfield>
  <controlfield tag="003">KOSZ 005</controlfield>
  <controlfield tag="005">20240709062824.0</controlfield>
  <controlfield tag="008">980702s1995    pl a   f f   |000 0 pol</controlfield>
  <datafield tag="015" ind1=" " ind2=" ">
    <subfield code="a">PB 1996/9988</subfield>
  </datafield>
  <datafield tag="035" ind1=" " ind2=" ">
    <subfield code="a">(OCoLC)830112112</subfield>
  </datafield>
  <datafield tag="040" ind1=" " ind2=" ">
    <subfield code="a">WA N</subfield>
    <subfield code="c">WA N</subfield>
    <subfield code="d">KOSZ 005/HR</subfield>
  </datafield>
  <datafield tag="046" ind1=" " ind2=" ">
    <subfield code="k">1995</subfield>
  </datafield>
  <datafield tag="080" ind1=" " ind2=" ">
    <subfield code="a">621.82/.85</subfield>
  </datafield>
  <datafield tag="080" ind1=" " ind2=" ">
    <subfield code="a">744</subfield>
  </datafield>
  <datafield tag="080" ind1=" " ind2=" ">
    <subfield code="a">(075.8)</subfield>
  </datafield>
  <datafield tag="100" ind1="1" ind2=" ">
    <subfield code="a">Kurmaz, Leonid W.</subfield>
    <subfield code="e">Autor</subfield>
  </datafield>
  <datafield tag="245" ind1="1" ind2="0">
    <subfield code="a">Projektowanie z podstaw konstrukcji maszyn /</subfield>
    <subfield code="c">Leonid W. Kurmaz.</subfield>
  </datafield>
  <datafield tag="260" ind1=" " ind2=" ">
    <subfield code="a">Kielce :</subfield>
    <subfield code="b">Dzia&#x142; Wydawnictw P&#x15A;,</subfield>
    <subfield code="c">1995.</subfield>
  </datafield>
  <datafield tag="300" ind1=" " ind2=" ">
    <subfield code="a">108 s. :</subfield>
    <subfield code="b">rys., wykr. ;</subfield>
    <subfield code="c">21 x 30 cm.</subfield>
  </datafield>
  <datafield tag="380" ind1=" " ind2=" ">
    <subfield code="a">Ksi&#x105;&#x17C;ki</subfield>
  </datafield>
  <datafield tag="388" ind1=" " ind2=" ">
    <subfield code="a">2001-</subfield>
  </datafield>
  <datafield tag="490" ind1="1" ind2=" ">
    <subfield code="a">Skrypty / Politechnika &#x15A;wi&#x119;tokrzyska.</subfield>
  </datafield>
  <datafield tag="504" ind1=" " ind2=" ">
    <subfield code="a">Bibliogr. s. 108.</subfield>
  </datafield>
  <datafield tag="521" ind1=" " ind2=" ">
    <subfield code="a">Dla student&#xF3;w Wydz. Mechanicznego.</subfield>
  </datafield>
  <datafield tag="650" ind1=" " ind2="4">
    <subfield code="a">Przek&#x142;adnie</subfield>
  </datafield>
  <datafield tag="650" ind1=" " ind2="4">
    <subfield code="a"> Konstrukcja maszyn i urz&#x105;dze&#x144;</subfield>
  </datafield>
  <datafield tag="655" ind1=" " ind2="4">
    <subfield code="a">Podr&#x119;czniki akademickie</subfield>
  </datafield>
  <datafield tag="655" ind1=" " ind2="4">
    <subfield code="a">Rysunek techniczny</subfield>
  </datafield>
  <datafield tag="658" ind1=" " ind2=" ">
    <subfield code="a">In&#x17C;ynieria i technika</subfield>
  </datafield>
  <datafield tag="830" ind1=" " ind2="0">
    <subfield code="a">Skrypty - Politechnika &#x15A;wi&#x119;tokrzyska</subfield>
  </datafield>
  <datafield tag="856" ind1=" " ind2=" ">
    <subfield code="u">http://koha.tu.koszalin.pl/cgi-bin/koha/opac-detail.pl?biblionumber=24512</subfield>
    <subfield code="y">Katalog online BPK</subfield>
  </datafield>
  <datafield tag="942" ind1=" " ind2=" ">
    <subfield code="2">UKD</subfield>
    <subfield code="c">KS</subfield>
  </datafield>
  <datafield tag="999" ind1=" " ind2=" ">
    <subfield code="c">24512</subfield>
    <subfield code="d">24512</subfield>
  </datafield>
  <datafield tag="952" ind1=" " ind2=" ">
    <subfield code="0">0</subfield>
    <subfield code="1">0</subfield>
    <subfield code="4">0</subfield>
    <subfield code="7">0</subfield>
    <subfield code="a">BPK</subfield>
    <subfield code="b">BPK</subfield>
    <subfield code="c">w</subfield>
    <subfield code="o">P 50482</subfield>
    <subfield code="p">01083231</subfield>
    <subfield code="s">2019-02-19</subfield>
    <subfield code="y">KS</subfield>
  </datafield>
</record>
